| Поле | Инд. | ПП | Название | Значение |
|---|---|---|---|---|
| Тип записи | a | |||
| Библиографический уровень | b | |||
| 001 | Контрольный номер | DU/538488080 | ||
| 005 | Дата корректировки | 20220905145144.6 | ||
| 008 | Кодируемые данные | 20091109 | ||
| 040 | b | Код языка каталог. | rus | |
| e | Правила каталог. | PSBO | ||
| 041 | 0_ | a | Код языка текста | rus |
| 084 | a | Индекс другой классификации/Индекс ББК | 63.3(4Пор)-6 | |
| 100 | 1_ | a | Автор | Урсу Д. П. |
| q | Полное имя | Урсу Дмитрий Павлович | ||
| 245 | 10 | a | Заглавие | Португалия и "схватка за Африку" |
| 504 | a | Библиография | Лит. в примеч. в конце статьи | |
| 520 | a | Аннотация | Анализируются внутренний и внешний факторы колониального раздела Тропической Африки в последней четверти XIX века, получившего за свою остроту название "схватка за Африку", и участие Португалии в этих событиях... | |
| 650 | a | Основная рубрика | внешняя политика | |
| a | Основная рубрика | история | ||
| 653 | 1_ | a | Ключевые слова | XIX век |
| a | Ключевые слова | XX век | ||
| a | Ключевые слова | Англия | ||
| a | Ключевые слова | Африка | ||
| a | Ключевые слова | внешняя торговля | ||
| a | Ключевые слова | военно-политические связи | ||
| a | Ключевые слова | государственные интересы | ||
| a | Ключевые слова | делимитация территорий | ||
| a | Ключевые слова | дипломатические отношения | ||
| a | Ключевые слова | колониальная империя | ||
| a | Ключевые слова | колониальная политика | ||
| a | Ключевые слова | политический кризис | ||
| a | Ключевые слова | Португалия | ||
| a | Ключевые слова | протекторат | ||
| a | Ключевые слова | работорговля | ||
| a | Ключевые слова | Российская империя | ||
| a | Ключевые слова | Россия | ||
| a | Ключевые слова | спорные территории | ||
| a | Ключевые слова | судоходство | ||
| a | Ключевые слова | Тропическая Африка | ||
| a | Ключевые слова | Франция | ||
| a | Ключевые слова | экспансия | ||
| 773 | 0_ | t | Заглавие источника | Вопросы истории |
| d | Дата издания источника | 2015 | ||
| g | Прочая информация | № 11. - С. 97 - 115 | ||
| w | Контрольный № источника | RU/IS/BASE/501003691 | ||
| 901 | t | Тип документа | b |